00321cam a22000977a 4500008004000000082001400040245008100054260005300135300001000188700002500198180718b1980 xxu||||| |||| 00| 0 eng d aA75 Ut8PR aUttar Pradesh district gazetteers: Pratapgarhcedited by Dangli Prasad Varun aLucknowbDepartment of District Gazetteersc1980 a367p. aVarun, Dangli Prasad